00603cam a22002537a 4500003000500000005001700005008004100022010001000063011001000073035001000083040000900093082001400102110000800116245002500124260002300149300003000172410000800202490003700210650002100247650001900268700001700287810000800304830003700312CHAP20220817043136.0971013s1979 r 00010 d a66720 a67692 a77163 cCHAP a638.2bF3 aFAO 0aNon - mulberry silks aRome :bFAO,c1979 a178 p.b: ilus., gráfs. aFAO 0aFAO. Servicios agrícolasv; 2914aGusanos de seda.14aSericicultura.0 aJolly, W. S.0 aFAO00aFAO. Servicios agrícolasv; 29